Research methods in psycholinguistics and the neurobiology of language : a practical guide /

Bibliographic Details
Corporate Author: ProQuest (Firm)
Other Authors: Groot, A. M. B. de (Editor), Hagoort, Peter (Editor)
Format: eBook
Language:English
Published: Hoboken, NJ : Wiley Blackwell, 2018.
Series:Guides to research methods in language and linguistics ; 9.
Subjects:
Online Access:Connect to the full text of this electronic book

MARC

Tag First Indicator Second Indicator Subfields
LEADER 00000cam a2200000 i 4500
001 in00003965547
006 m o d
007 cr mn|||||||||
008 170724t20182018njuaf ob 001 0 eng
005 20250816203920.4
010 |a  2017035239 
020 |a 9781119109860  |q electronic book 
020 |a 1119109868  |q electronic book 
020 |z 9781119109846  |q hardcover 
020 |z 1119109841  |q hardcover 
020 |z 9781119109853  |q paperback 
020 |z 111910985X  |q paperback 
020 |a 9781119109877  |q electronic book 
020 |a 1119109876  |q electronic book 
024 8 |a 99974164053 
035 |a (NhCcYBP)ebc5015538 
040 |a NhCcYBP  |c NhCcYBP  |d UtOrBLW 
042 |a pcc 
050 4 |a P37.3  |b .R43 2018 
072 7 |a LAN  |x 000000  |2 bisacsh 
082 0 0 |a 401/.9  |2 23 
245 0 0 |a Research methods in psycholinguistics and the neurobiology of language :  |b a practical guide /  |c edited by Annette M. B. de Groot and Peter Hagoort. 
264 1 |a Hoboken, NJ :  |b Wiley Blackwell,  |c 2018. 
264 4 |c ©2018 
300 |a 1 online resource. 
336 |a text  |b txt  |2 rdacontent 
337 |a computer  |b n  |2 rdamedia 
338 |a online resource  |b cr  |2 rdacarrier 
490 1 |a Guides to research methods in language and linguistics ;  |v 9 
504 |a Includes bibliographical references and index. 
505 0 |a Habituation techniques / Christopher T. Fennell -- Visual preference techniques / Roberta Michnick Golinkoff, Melanie Soderstrom, Dilara Deniz Can, and Kathy Hirsh-Pasek -- Assessing receptive and expressive vocabulary in child language / Virginia A. Marchman and Philip S. Dale -- Eye-movement tracking during reading / Reinhold Kliegl and Jochen Laubrock -- The visual world paradigm / Anne Pier Salverda and Michael K. Tanenhaus -- Word priming and interference paradigms / Zeshu Shao and Antje S. Meyer -- Structural priming / Holly P. Branigan and Catriona L. Gibb -- Conversation analysis / Elliott M. Hoey and Kobin H. Kendrick -- Virtual reality / Daniel Casasanto and Kyle M. Jasmin -- Studying psycholinguistics out of the lab / Laura J. Speed, Ewelina Wnuk, and Asifa Majid -- Computational modeling / Ping Li and Xiaowei Zhao -- Corpus linguistics / Marc Brysbaert, Pawel Mandera, and Emmanuel Keuleers -- Electrophysiological methods / Joost Rommers and Kara D. Federmeier -- Hemodynamic methods: fMRI and fNIRS / Roel M. Willems and Alejandrina Cristia -- Structural neuroimaging / Stephanie J. Forkel and Marco Catani -- Lesion studies / Juliana V. Baldo and Nina F. Dronkers -- Molecular genetic methods / Carolien G. F. de Kovel and Simon E. Fisher. 
588 |a Description based on online resource; title from digital title page (viewed on November 20, 2017). 
500 |a Electronic resource. 
650 0 |a Psycholinguistics  |x Research. 
650 0 |a Neurolinguistics.  |0 http://id.loc.gov/authorities/subjects/sh85091130 
655 7 |a Electronic books.  |2 local 
700 1 |a Groot, A. M. B. de,  |e editor.  |0 http://id.loc.gov/authorities/names/n87948973 
700 1 |a Hagoort, Peter,  |e editor.  |0 http://id.loc.gov/authorities/names/n98103374 
710 2 |a ProQuest (Firm)  |0 http://id.loc.gov/authorities/names/n2007068018 
776 1 8 |i Print version:  |t Research methods in psycholinguistics and the neurobiology of language.  |d Hoboken, NJ ; Chichester, W. Sussex : John Wiley & Sons, Inc., 2018  |z 9781119109846  |w (DLC) 2017007231 
830 0 |a Guides to research methods in language and linguistics ;  |v 9.  |0 http://id.loc.gov/authorities/names/no2011157600 
856 4 0 |u https://ebookcentral.proquest.com/lib/tamucs/detail.action?docID=5015538  |y Connect to the full text of this electronic book  |t 0 
955 |a YBP purchased firm e-records 
980 |b 149.93  |g 1 
987 |a ybp14778945 
999 f f |s 0e825223-c146-3301-b4e7-c72f6bf8ceb8  |i e0ac98bd-b37f-3b21-93f7-f694fbf39f36  |t 0 
952 f f |a Texas A&M University  |b College Station  |c Electronic Resources  |d Available Online  |t 0  |e P37.3 .R43 2018  |h Library of Congress classification 
998 f f |a P37.3 .R43 2018  |t 0  |l Available Online